00511nam a2200133Ia 4500008004100000041000800041082002500049100002200074245005400096260003600150300000900186999001900195952016300214230411s9999 xx 000 0 und d aeng aAD/610.69/GUP/B07007 aGupta R K9116369 aPV Handbook of Professional Trends and Adjustment bS Vikas and CoaJalandharc2011 a120p c157211d157211 001040708ADaBTINbBTINd2012-02-08eS Vikas and Cog125.00i885l0oAD 610.69 GUP B07007pBTIN-BK-7007r2023-04-11 00:00:00v94.00w2012-02-08yBKzB07007